Philadelphia 76ers Roster 2023-24 - Statistics

General Stats
  • This quiz has been taken 93 times
  • The average score is 9 of 16
Answer Stats
Hint Answer % Correct
21 Joel Embiid
100%
0 Tyrese Maxey
95%
12 Tobias Harris
82%
40 Nicolas Batum
76%
7 Kyle Lowry
74%
9 Kelly Oubre Jr.
72%
17 Buddy Hield
63%
5 Mo Bamba
63%
44 Paul Reed
63%
8 De'Anthony Melton
60%
33 Robert Covington
56%
22 Cameron Payne
51%
23 Terquavion Smith
28%
1 KJ Martin
27%
16 Ricky Council IV
26%
35 Kenneth Lofton Jr.
6%
No matching quizzes found
Score Distribution
Percent of People with Each Score
Percentile by Number Answered
Your Score History
You have not taken this quiz